| 000 | 00534cam a2200193 4500 | ||
|---|---|---|---|
| 001 | D4064 | ||
| 008 | 090401t1983 xxu||||| |||| 00| 0 eng d | ||
| 035 | _a(Sirsi) u76393 | ||
| 041 | _aeng | ||
| 050 | _a624.08 | ||
| 100 | _aGilbreath, Robert D | ||
| 245 | _aManaging construction contracts: operational controls for commercial risks | ||
| 260 |
_aNew York _bJohn Wiley and Sons _c1983 |
||
| 300 | _axvii. 281p. 23cm | ||
| 350 | _a30.9 | ||
| 490 | _aConstruction Management and Engineering | ||
| 942 | _n0 | ||
| 948 | _c04/03/1997 | ||
| 999 |
_c96168 _d96168 |
||